[Event "2BLW 1718 SG Solingen - Aachener SV"]
[Site "?"]
[Date "2017.12.10"]
[Round "4.4"]
[White "Schlecht, Daniel"]
[Black "Piceu, Tom"]
[Result "1/2-1/2"]
[WhiteElo "2384"]
[BlackElo "2356"]
[PlyCount "120"]
[EventDate "2017.??.??"]

1. d4 Nf6 2. c4 c5 3. d5 b5 4. cxb5 a6 5. b6 d6 6. Nc3 g6 7. e4 Bg7 8. Nf3 Nbd7
9. a4 Qxb6 10. Nd2 O-O 11. a5 Qa7 12. Nc4 Rb8 13. Bd3 Ne8 14. O-O Nc7 15. Bg5
Re8 16. Na4 Ne5 17. Rb1 Nb5 18. Be3 e6 19. Nxe5 Bxe5 20. b4 exd5 21. exd5 Qc7
22. Rc1 Bb7 23. bxc5 dxc5 24. Nxc5 Bxh2+ 25. Kh1 Be5 26. Bxb5 axb5 27. Nxb7
Qxb7 28. Bb6 Bd6 29. Rc6 Qd7 30. Qf3 Re5 31. Rd1 Rbe8 32. Be3 Rf5 33. Qe2 Rh5+
34. Kg1 Bh2+ 35. Kf1 Bb8 36. Qf3 Rxe3 37. Qxe3 Rh1+ 38. Ke2 Rxd1 39. Kxd1 Qxd5+
40. Qd2 Qxc6 41. Qd8+ Kg7 42. Qxb8 Qd5+ 43. Ke2 Qa2+ 44. Ke3 Qxa5 45. Qe5+ Kf8
46. Qd6+ Ke8 47. Qe5+ Kd7 48. Qd5+ Kc8 49. Qc6+ Kb8 50. Qe8+ Kb7 51. Qd7+ Qc7
52. Qxb5+ Qb6+ 53. Qxb6+ Kxb6 54. Kd4 Kc6 55. Ke5 Kd7 56. Kf6 Ke8 57. Kg7 h5
58. Kf6 Kf8 59. f4 Kg8 60. f5 gxf5 1/2-1/2

[Event "2BLW 1718 SG Solingen - Aachener SV"]
[Site "?"]
[Date "2017.12.10"]
[Round "4.5"]
[White "Jackelen, Thomas"]
[Black "Berg, Michael"]
[Result "1/2-1/2"]
[WhiteElo "2404"]
[BlackElo "2326"]
[PlyCount "42"]
[EventDate "2017.??.??"]

1. d4 Nf6 2. Nf3 c5 3. d5 b5 4. Bg5 Qa5+ 5. c3 Ne4 6. Bh4 e6 7. Nbd2 Nxd2 8.
Qxd2 Qa4 9. e3 Bb7 10. b3 Qe4 11. dxe6 fxe6 12. Bxb5 a6 13. Be2 d5 14. O-O Bd6
15. Bg3 Bxg3 16. fxg3 Nd7 17. Ng5 Qg6 18. Nf7 O-O 19. Bd3 Qh5 20. Be2 Qg6 21.
Bd3 Qh5 1/2-1/2

[Event "2BLW 1718 SG Solingen - Aachener SV"]
[Site "?"]
[Date "2017.12.10"]
[Round "4.6"]
[White "Gupta, Milon"]
[Black "Sonntag, Hans-Hubert"]
[Result "1/2-1/2"]
[WhiteElo "2210"]
[BlackElo "2343"]
[PlyCount "45"]
[EventDate "2017.??.??"]

1. b3 e5 2. Bb2 Nc6 3. e3 Nf6 4. Bb5 Bd6 5. Na3 Na5 6. Be2 a6 7. Nf3 Qe7 8. Nb1
O-O 9. d4 exd4 10. Nxd4 Be5 11. Nc3 Nc6 12. Nf3 Bxc3+ 13. Bxc3 Ne4 14. Bb2 Qb4+
15. Kf1 Nc3 16. Qd3 Nxe2 17. Kxe2 d6 18. h3 Qc5 19. c4 f6 20. Rhd1 Be6 21. Nd4
Nxd4+ 22. Qxd4 Qh5+ 23. f3 1/2-1/2

[Event "2BLW 1718 SG Solingen - Aachener SV"]
[Site "?"]
[Date "2017.12.10"]
[Round "4.7"]
[White "Klein, Felix"]
[Black "Michalczak, Thomas"]
[Result "0-1"]
[WhiteElo "2351"]
[BlackElo "2194"]
[PlyCount "132"]
[EventDate "2017.??.??"]

1. e4 e5 2. Nf3 Nc6 3. Bb5 a6 4. Ba4 Nf6 5. O-O Be7 6. Re1 b5 7. Bb3 d6 8. c3
O-O 9. h3 Na5 10. Bc2 d5 11. d3 dxe4 12. dxe4 Qxd1 13. Rxd1 Bb7 14. Bg5 Nc4 15.
Nbd2 Nxd2 16. Rxd2 h6 17. Bxf6 Bxf6 18. Rd7 Rac8 19. a4 Bc6 20. Rdd1 b4 21.
cxb4 Rb8 22. Nd2 Rxb4 23. b3 Rd8 24. f3 Be7 25. Nc4 Rxd1+ 26. Bxd1 Bc5+ 27. Kf1
Bd4 28. Rc1 Bd7 29. Ke2 Be6 30. Kd3 c5 31. Na5 Rb6 32. Rb1 Kh7 33. Be2 Kg6 34.
Kc2 Kg5 35. Nc4 Rb8 36. Nd2 Rb6 37. Nc4 Rb8 38. Nd2 Bc8 39. Bc4 Kf4 40. Nf1 f6
41. Kd3 h5 42. Ke2 h4 43. Rd1 g6 44. Rd3 f5 45. Nd2 Kg3 46. Kf1 Kh2 47. Bf7 a5
48. Bc4 f4 49. Bb5 Be6 50. Bc4 Bd7 51. Bd5 Rh8 52. Bc4 Rh5 53. Bb5 Be6 54. Nc4
Rg5 55. Rd2 Kh1 56. Nxa5 Rxg2 57. Rxg2 Bxh3 58. Bd7 Bxg2+ 59. Ke2 h3 60. Bxh3
Bxh3 61. Nc6 Be6 62. b4 Bc4+ 63. Kd2 Kg2 64. bxc5 Kxf3 65. Ne7 Bxc5 66. Nxg6
Kxe4 0-1

[Event "2BLW 1718 SG Solingen - Aachener SV"]
[Site "?"]
[Date "2017.12.10"]
[Round "4.8"]
[White "Peschel, Andreas"]
[Black "Begnis, Nikolaos"]
[Result "1/2-1/2"]
[WhiteElo "2193"]
[BlackElo "2277"]
[PlyCount "42"]
[EventDate "2017.??.??"]

1. Nf3 Nf6 2. g3 g6 3. b3 Bg7 4. Bb2 O-O 5. Bg2 d6 6. d4 c5 7. O-O cxd4 8. Nxd4
d5 9. c4 e5 10. Nf3 e4 11. Nd4 dxc4 12. Na3 cxb3 13. Qxb3 Nc6 14. Rfd1 Qa5 15.
Qb5 Qxb5 16. Naxb5 Nxd4 17. Bxd4 Bg4 18. Kf1 Rfd8 19. Rab1 Rd7 20. Bxf6 Bxf6
21. Rxd7 Bxd7 1/2-1/2

[Event "2BLW 1718 DJK Aachen - SG Bochum 31"]
[Site "?"]
[Date "2017.12.10"]
[Round "4.1"]
[White "Fridman, Rafael"]
[Black "Pruijssers, Roeland"]
[Result "1-0"]
[WhiteElo "2460"]
[BlackElo "2543"]
[PlyCount "113"]
[EventDate "2017.??.??"]

1. e4 d5 2. Nc3 d4 3. Nce2 e5 4. Ng3 Be6 5. Bb5+ Nd7 6. Nf3 c6 7. Be2 f6 8. d3
c5 9. Nd2 Ne7 10. Bg4 Bf7 11. Nc4 Qc7 12. a4 g6 13. O-O h5 14. Bxd7+ Qxd7 15.
f4 h4 16. Nh1 h3 17. g3 exf4 18. Bxf4 Nc6 19. Nf2 Be6 20. Qf3 O-O-O 21. g4 Be7
22. Bg3 b6 23. b3 Rdf8 24. Rae1 Rh7 25. Qe2 Kb7 26. Qf3 Ne5 27. Qe2 Nxg4 28.
Nxg4 Bxg4 29. Qd2 Be6 30. Qf4 Qc6 31. Nd6+ Bxd6 32. Qxd6 Qc8 33. a5 g5 34. Bf2
Bd7 35. axb6 axb6 36. b4 Bc6 37. bxc5 b5 38. Bg3 Rd7 39. Qe6 Rdf7 40. Qa2 Qa8
41. Qb2 Kc8 42. Bd6 Re8 43. Qxd4 Qa2 44. Qc3 f5 45. Qb3 Qxb3 46. cxb3 b4 47.
Ra1 Kb7 48. Ra5 Ra8 49. Rxa8 Kxa8 50. exf5 Bg2 51. Rf2 Ra7 52. Be5 Bd5 53. f6
Bxb3 54. c6 Ra2 55. Bb2 Bf7 56. Re2 Bh5 57. Rc2 1-0

[Event "2BLW 1718 DJK Aachen - SG Bochum 31"]
[Site "?"]
[Date "2017.12.10"]
[Round "4.2"]
[White "Dambacher, Martijn"]
[Black "Hendriks, Willy"]
[Result "1-0"]
[WhiteElo "2485"]
[BlackElo "2417"]
[PlyCount "111"]
[EventDate "2017.??.??"]

1. d4 d6 2. e4 Nf6 3. f3 Nbd7 4. c4 e5 5. d5 Be7 6. Be3 O-O 7. Nc3 Ne8 8. Qd2
h6 9. Nh3 Nc5 10. g3 a5 11. Nf2 f5 12. Be2 Nf6 13. O-O-O fxe4 14. fxe4 a4 15.
h4 Nh7 16. Kb1 Bd7 17. Rdf1 c6 18. Qd1 Qa5 19. Nd3 Nxd3 20. Qxd3 a3 21. b3 Nf6
22. c5 dxc5 23. d6 Bxd6 24. Na4 Qc7 25. Nxc5 Rad8 26. Nxb7 Qxb7 27. Qxd6 Bh3
28. Bc4+ Kh7 29. Qxa3 Bxf1 30. Rxf1 Qc8 31. Bc5 Rfe8 32. Qc1 Qg4 33. Qc2 Qxg3
34. Bf7 Rf8 35. Bxf8 Rxf8 36. Be6 Qxh4 37. Qxc6 h5 38. Bf5+ Kh6 39. Rg1 g5 40.
Qd6 Rf7 41. Qxe5 g4 42. Qe6 Rf8 43. e5 Qf2 44. Rc1 Kg5 45. Bc2 Ng8 46. Qg6+ Kf4
47. Qxh5 g3 48. Qh4+ Kxe5 49. Qe4+ Kf6 50. Re1 Kg5 51. Qg6+ Kf4 52. Re4+ Kf3
53. Qg4+ Kg2 54. Re2 Nh6 55. Rxf2+ Rxf2 56. Be4+ 1-0

[Event "2BLW 1718 DJK Aachen - SG Bochum 31"]
[Site "?"]
[Date "2017.12.10"]
[Round "4.3"]
[White "Kotainy, Jens"]
[Black "Van Dooren, Dirk"]
[Result "0-1"]
[WhiteElo "2426"]
[BlackElo "2339"]
[PlyCount "78"]
[EventDate "2017.??.??"]

1. e4 e6 2. c4 d5 3. exd5 exd5 4. d4 Bb4+ 5. Nc3 Ne7 6. Nf3 O-O 7. Be2 Nbc6 8.
O-O dxc4 9. Bxc4 Bg4 10. Be3 Nf5 11. Qc2 g6 12. Ne5 Nfxd4 13. Qe4 Bf5 14. Qf4
Nxe5 15. Qxe5 Nc6 16. Qb5 Bd6 17. Bd5 Ne5 18. Qxb7 Ng4 19. g3 Nxe3 20. fxe3 Rb8
21. Qxa7 Rxb2 22. Qd4 c5 23. Qc4 Rb4 24. Qe2 Be5 25. Rad1 Qg5 26. a3 Rg4 27.
Qd2 h5 28. Ne2 h4 29. e4 Bc8 30. h3 Rxg3+ 31. Nxg3 Qxg3+ 32. Qg2 Bxh3 33. Qxg3
hxg3 34. Rfe1 Rb8 35. Bc4 Bb2 36. Re2 Bd4+ 37. Kh1 Rb6 38. Ra2 g5 39. Bf1 Bxf1
0-1

[Event "2BLW 1718 DJK Aachen - SG Bochum 31"]
[Site "?"]
[Date "2017.12.10"]
[Round "4.4"]
[White "Buscher, Michael"]
[Black "Goudriaan, Etienne"]
[Result "1/2-1/2"]
[WhiteElo "2390"]
[BlackElo "2359"]
[PlyCount "134"]
[EventDate "2017.??.??"]

1. e4 c5 2. Nf3 d6 3. c3 Nf6 4. Be2 g6 5. O-O Bg7 6. Re1 O-O 7. Bf1 Nc6 8. h3
e5 9. d4 exd4 10. cxd4 cxd4 11. Nxd4 Re8 12. Nxc6 bxc6 13. Nc3 Be6 14. Qa4 Qb6
15. Rb1 Ng4 16. Nd1 Ne5 17. Be3 c5 18. Nc3 Reb8 19. Rec1 Qd8 20. Rd1 Rb4 21.
Qc2 Qf8 22. Qd2 Nc4 23. Bxc4 Bxc4 24. Rbc1 Be6 25. b3 Be5 26. f3 a5 27. Nd5 Rb7
28. f4 Bg7 29. e5 dxe5 30. Bxc5 Qe8 31. fxe5 Bxe5 32. Re1 Bg7 33. Nf4 Qd7 34.
Qf2 Bf5 35. Rcd1 Qb5 36. Bd4 Bxd4 37. Qxd4 Qb6 38. Qxb6 Rxb6 39. Nd5 Rb7 40.
Ne7+ Kg7 41. Nxf5+ gxf5 42. Rd5 a4 43. Re3 axb3 44. axb3 Ra3 45. Rg3+ Kf6 46.
Rf3 Raxb3 47. Rdxf5+ Kg6 48. Rf6+ Kg7 49. Rxf7+ Rxf7 50. Rxb3 Ra7 51. Kf2 Ra2+
52. Kf3 Rc2 53. g3 Ra2 54. Kg4 Ra4+ 55. Kh5 Ra5+ 56. Kh4 Rc5 57. g4 Rc4 58. Kh5
Rc5+ 59. g5 Rc7 60. Rb6 Ra7 61. Re6 Rb7 62. h4 Ra7 63. Kg4 Ra4+ 64. Kg3 Ra3+
65. Kf4 Ra4+ 66. Re4 Rxe4+ 67. Kxe4 h6 1/2-1/2

[Event "2BLW 1718 DJK Aachen - SG Bochum 31"]
[Site "?"]
[Date "2017.12.10"]
[Round "4.5"]
[White "Schlawin, Marlon"]
[Black "Skulener, Wladimir"]
[Result "0-1"]
[WhiteElo "2355"]
[BlackElo "2390"]
[PlyCount "46"]
[EventDate "2017.??.??"]

1. e4 c5 2. Nf3 e6 3. c3 Nf6 4. e5 Nd5 5. d4 cxd4 6. cxd4 Nc6 7. Bc4 d6 8. O-O
Be7 9. a3 O-O 10. Qe2 Qb6 11. Rd1 Na5 12. Bxd5 exd5 13. Nc3 Be6 14. Bg5 Rfe8
15. Bxe7 Rxe7 16. Ng5 dxe5 17. dxe5 Rd8 18. Qd3 g6 19. Rab1 Bf5 20. Nxd5 Bxd3
21. Nxb6 axb6 22. b4 Nc6 23. Rb3 Rxe5 0-1

[Event "2BLW 1718 DJK Aachen - SG Bochum 31"]
[Site "?"]
[Date "2017.12.10"]
[Round "4.6"]
[White "Lenaerts, Lennert"]
[Black "Hengelbrock, Joachim"]
[Result "1/2-1/2"]
[WhiteElo "2313"]
[BlackElo "2295"]
[PlyCount "81"]
[EventDate "2017.??.??"]

1. d4 Nf6 2. c4 e6 3. Nc3 Bb4 4. Qc2 c5 5. dxc5 O-O 6. Nf3 Na6 7. g3 Nxc5 8.
Bg2 Nce4 9. O-O Nxc3 10. bxc3 Be7 11. e4 Qc7 12. e5 Ne8 13. Qe2 Rb8 14. Nd4 a6
15. f4 d6 16. Rb1 g6 17. Ba3 Ra8 18. Kh1 Ng7 19. exd6 Bxd6 20. Bxd6 Qxd6 21.
Rb4 Re8 22. Qe5 Qe7 23. Re1 f6 24. Qa5 e5 25. fxe5 fxe5 26. Nf3 e4 27. Ng5 b5
28. Nxe4 Bb7 29. Qb6 Kh8 30. c5 Bd5 31. Qd6 Qf7 32. Kg1 Rad8 33. Qf4 Qa7 34.
Rf1 Bxe4 35. Rxe4 Qxc5+ 36. Qf2 Qxf2+ 37. Rxf2 Nf5 38. Rxe8+ Rxe8 39. Bb7 Nd6
40. Bd5 Kg7 41. Kf1 1/2-1/2

[Event "2BLW 1718 DJK Aachen - SG Bochum 31"]
[Site "?"]
[Date "2017.12.10"]
[Round "4.7"]
[White "Werthebach, Felix"]
[Black "Marcziter, Dmitrii"]
[Result "1-0"]
[WhiteElo "2152"]
[BlackElo "2294"]
[PlyCount "123"]
[EventDate "2017.??.??"]

1. c4 c5 2. Nc3 Nc6 3. g3 g6 4. Bg2 Bg7 5. a3 a5 6. Rb1 d6 7. d3 Nf6 8. e4 O-O
9. Nge2 Ne8 10. O-O Nc7 11. Nd5 Ne6 12. f4 f5 13. exf5 gxf5 14. b3 Ned4 15. Bb2
e6 16. Ndc3 Rb8 17. Nxd4 Nxd4 18. Ne2 b5 19. Nxd4 cxd4 20. Ba1 Bd7 21. Qc2 Qb6
22. Rb2 Rbc8 23. a4 b4 24. Qf2 e5 25. Bd5+ Kh8 26. Re2 Rce8 27. Rfe1 Bc6 28.
Bxc6 Qxc6 29. Qg2 Qc5 30. Kh1 Re7 31. Qf3 Ref7 32. Bb2 Kg8 33. Ba1 h6 34. Bb2
Re7 35. Bc1 Kh7 36. Bd2 Kh8 37. Bc1 Kh7 38. Bd2 Qc8 39. Bc1 Qe8 40. Bb2 Rff7
41. Qd5 e4 42. dxe4 d3 43. Qxd3 Bxb2 44. Rxb2 fxe4 45. Qd5 e3 46. Rbe2 Rf6 47.
Qxa5 Rfe6 48. Qd5 Re4 49. a5 Qg6 50. Qd3 Kg7 51. Rxe3 Rxe3 52. Rxe3 Rxe3 53.
Qxe3 Qb1+ 54. Kg2 Qa2+ 55. Kh3 Qxa5 56. Qe7+ Kg8 57. Qe6+ Kg7 58. f5 h5 59.
Qg6+ Kf8 60. Qxd6+ Kf7 61. Qg6+ Kf8 62. f6 1-0

[Event "2BLW 1718 DJK Aachen - SG Bochum 31"]
[Site "?"]
[Date "2017.12.10"]
[Round "4.8"]
[White "van Dael, Siem"]
[Black "Backwinkel, Paul"]
[Result "1-0"]
[WhiteElo "2268"]
[BlackElo "2307"]
[PlyCount "115"]
[EventDate "2017.??.??"]

1. e4 e6 2. d4 d5 3. Nc3 Be7 4. e5 b6 5. Qg4 g6 6. h4 h5 7. Qg3 Ba6 8. Nge2 Nh6
9. Bxh6 Rxh6 10. O-O-O Nc6 11. Qe3 Rh8 12. g3 Qd7 13. Bg2 Bxe2 14. Qxe2 Na5 15.
Qa6 c6 16. Ne2 Qb7 17. Qd3 O-O-O 18. b3 Kb8 19. Kb1 b5 20. Qf3 Rh7 21. Nf4 Rdh8
22. Nd3 Qb6 23. Qe3 a6 24. Ka1 Rc8 25. Rb1 Ka7 26. c3 Rhh8 27. Rhc1 Rhd8 28.
Qf4 Rf8 29. Bh3 Rcd8 30. Qe3 Rd7 31. Nc5 Bxc5 32. dxc5 Qc7 33. Re1 Rfd8 34. Qd4
Kb8 35. Re3 Qa7 36. Kb2 Kc7 37. Rf3 Nb7 38. b4 a5 39. a3 Ra8 40. Rd1 axb4 41.
cxb4 Nd8 42. Rdd3 Qb8 43. Rf6 Ra4 44. Rdf3 Qa8 45. Bf1 Kb8 46. Rd3 Rda7 47.
Rff3 Qb7 48. Be2 Ra8 49. Bd1 R4a7 50. Bc2 Qe7 51. Rf6 Rb7 52. f3 Qe8 53. Qf4
Rba7 54. g4 Qh8 55. Qg5 Nb7 56. gxh5 Nxc5 57. bxc5 Qf8 58. hxg6 1-0

[Event "2BLW 1718 TSV Schott Mainz - Duesseldor"]
[Site "?"]
[Date "2017.12.10"]
[Round "4.1"]
[White "Timman, Jan Hendrik"]
[Black "Lobron, Eric"]
[Result "0-1"]
[WhiteElo "2562"]
[BlackElo "2500"]
[PlyCount "70"]
[EventDate "2017.??.??"]

1. e4 c6 2. d4 d5 3. e5 Bf5 4. Nf3 e6 5. Be2 Nd7 6. O-O Bg6 7. Nbd2 Nh6 8. Nb3
Rc8 9. a4 a6 10. Bd2 c5 11. dxc5 Nxc5 12. Nxc5 Bxc5 13. Bxh6 gxh6 14. c3 O-O
15. Qd2 f6 16. Qxh6 Qc7 17. Qh3 Rce8 18. Qg3 fxe5 19. Nxe5 Bd6 20. f4 Bxe5 21.
fxe5 Qb6+ 22. Kh1 Qxb2 23. Bg4 Kh8 24. Rae1 Be4 25. Rxf8+ Rxf8 26. Bxe6 Qd2 27.
Rg1 Qh6 28. Qg4 Qg7 29. Qxg7+ Kxg7 30. c4 d4 31. Bg4 Bc2 32. Bd1 d3 33. e6 Re8
34. Bxc2 dxc2 35. Rc1 Rd8 0-1

[Event "2BLW 1718 TSV Schott Mainz - Duesseldor"]
[Site "?"]
[Date "2017.12.10"]
[Round "4.2"]
[White "Dann, Matthias"]
[Black "Andersson, Ulf"]
[Result "1/2-1/2"]
[WhiteElo "2517"]
[BlackElo "2523"]
[PlyCount "83"]
[EventDate "2017.??.??"]

1. e4 e6 2. d4 d5 3. Nc3 dxe4 4. Nxe4 Be7 5. Nf3 Nf6 6. Bd3 Nbd7 7. Qe2 Nxe4 8.
Bxe4 c5 9. c3 O-O 10. O-O Qc7 11. Rd1 Nf6 12. Bc2 Rd8 13. Bg5 cxd4 14. Nxd4 a6
15. Rd3 h6 16. Bh4 Nd5 17. Bg3 Bd6 18. Rad1 Bd7 19. Bxd6 Qxd6 20. Qd2 Qc7 21.
Bb3 Nf6 22. f4 Qb6 23. Qf2 Be8 24. h3 Rd6 25. g4 Ne4 26. Qe3 Nc5 27. R3d2 Nxb3
28. axb3 Rad8 29. Re1 Rd5 30. Rf2 Bc6 31. h4 Rxd4 32. cxd4 Qxd4 33. Qxd4 Rxd4
34. h5 Kf8 35. Re3 Ke7 36. Kh2 Bd5 37. Kg3 Rd1 38. f5 Rd4 39. Rf4 Rd2 40. Rf2
Rd4 41. Rf4 Rd2 42. Rf2 1/2-1/2

[Event "2BLW 1718 TSV Schott Mainz - Duesseldor"]
[Site "?"]
[Date "2017.12.10"]
[Round "4.3"]
[White "Berelowitsch, Alexander"]
[Black "Cicak, Slavko"]
[Result "1-0"]
[WhiteElo "2515"]
[BlackElo "2498"]
[PlyCount "105"]
[EventDate "2017.??.??"]

1. e4 c5 2. c3 g6 3. d4 cxd4 4. cxd4 d5 5. e5 Nc6 6. Bb5 Bg7 7. Nf3 Bg4 8.
Bxc6+ bxc6 9. Nbd2 a5 10. h3 Bf5 11. O-O a4 12. Re1 Qb6 13. Nb1 Bd7 14. Nc3 Qa7
15. Bf4 e6 16. Qd2 c5 17. dxc5 Qxc5 18. Rac1 Qa5 19. Red1 Ne7 20. Ne4 O-O 21.
Nf6+ Bxf6 22. Qxa5 Rxa5 23. exf6 Nc6 24. Ne5 Nxe5 25. Bxe5 Ra7 26. Rc5 Rc8 27.
Rxc8+ Bxc8 28. Rc1 Bd7 29. f3 Kf8 30. Kf2 Ke8 31. Ke3 Kd8 32. Rc5 Ra6 33. Rc7
Rc6 34. Ra7 Rc2 35. g4 h6 36. h4 Ke8 37. h5 gxh5 38. gxh5 Kd8 39. Ra8+ Rc8 40.
Rxc8+ Bxc8 41. Bf4 Ba6 42. b3 axb3 43. axb3 Bf1 44. Bxh6 e5 45. Bf8 Bh3 46. Bd6
Be6 47. b4 d4+ 48. Kd2 Bf5 49. Bxe5 d3 50. Bf4 Kd7 51. b5 Kc8 52. Kc3 Kb7 53.
Kb4 1-0

[Event "2BLW 1718 TSV Schott Mainz - Duesseldor"]
[Site "?"]
[Date "2017.12.10"]
[Round "4.4"]
[White "Balcerak, Jakob"]
[Black "Stark, Lars"]
[Result "0-1"]
[WhiteElo "2460"]
[BlackElo "2385"]
[PlyCount "98"]
[EventDate "2017.??.??"]

1. d4 Nf6 2. c4 e6 3. Nf3 b6 4. g3 Bb7 5. Bg2 c6 6. O-O d5 7. Nc3 Be7 8. Bf4
O-O 9. Rc1 Nh5 10. cxd5 cxd5 11. Ne5 Nxf4 12. gxf4 f6 13. Nf3 f5 14. Ne5 Nd7
15. Nb5 Nxe5 16. fxe5 Rc8 17. Qb3 a6 18. Na7 Rxc1 19. Rxc1 Bg5 20. Rc2 b5 21.
Nc6 Qd7 22. Nb4 Rc8 23. Nd3 Rxc2 24. Qxc2 Be7 25. b4 Qc6 26. Nc5 Bc8 27. e3 Qe8
28. Nd3 Qd7 29. a3 Bb7 30. Nc5 Qc7 31. Qb2 Bc8 32. Bf3 Bxc5 33. dxc5 Bd7 34.
Qd4 Bc6 35. Be2 a5 36. a4 Qb7 37. axb5 Bxb5 38. Bxb5 Qxb5 39. c6 Qxc6 40. bxa5
Qc1+ 41. Kg2 Qa3 42. Qb6 Kf7 43. Qc7+ Kg6 44. Qd6 Qd3 45. Qxe6+ Kh5 46. Qe8+ g6
47. Qa4 g5 48. e6 f4 49. e7 Qxe3 0-1

[Event "2BLW 1718 TSV Schott Mainz - Duesseldor"]
[Site "?"]
[Date "2017.12.10"]
[Round "4.5"]
[White "Coenen, Michael"]
[Black "Bewersdorff, Oliver"]
[Result "0-1"]
[WhiteElo "2373"]
[BlackElo "2309"]
[PlyCount "74"]
[EventDate "2017.??.??"]

1. d4 Nf6 2. c4 e6 3. Nc3 Bb4 4. Qc2 O-O 5. Bd2 d5 6. e3 c5 7. a3 cxd4 8. axb4
dxc3 9. Bxc3 Ne4 10. Rd1 Nxc3 11. bxc3 a5 12. b5 Qc7 13. cxd5 exd5 14. Rxd5 Be6
15. Rd1 a4 16. c4 Rd8 17. Bd3 Nd7 18. Nf3 Nb6 19. O-O Rxd3 20. Qxd3 Bxc4 21.
Qc3 Qe7 22. Rfe1 a3 23. Qd4 Qf6 24. Ne5 Bb3 25. Rd3 Bc2 26. Rd2 Bb3 27. Rd3 Bc2
28. Rd2 Bb3 29. Qb4 a2 30. Qd4 Nc4 31. Rde2 Qxe5 32. Ra1 Qxb5 33. h3 h6 34. Qc3
Qe5 35. Qxe5 Nxe5 36. Rb2 Ra3 37. Rd2 Bc4 0-1

[Event "2BLW 1718 TSV Schott Mainz - Duesseldor"]
[Site "?"]
[Date "2017.12.10"]
[Round "4.6"]
[White "Lisanti, Andre"]
[Black "Miedema, David"]
[Result "0-1"]
[WhiteElo "2257"]
[BlackElo "2369"]
[PlyCount "34"]
[EventDate "2017.??.??"]

1. d4 e6 2. c4 Nf6 3. Nf3 d5 4. Bf4 Bb4+ 5. Nbd2 dxc4 6. Qa4+ Nc6 7. a3 Bxd2+
8. Nxd2 Nd5 9. Be5 f6 10. Bg3 Nb6 11. Qd1 Qxd4 12. e3 Qxb2 13. Rb1 Qxa3 14.
Bxc7 Nd5 15. Ra1 Qb4 16. Bxc4 Nxc7 17. O-O O-O 0-1

[Event "2BLW 1718 TSV Schott Mainz - Duesseldor"]
[Site "?"]
[Date "2017.12.10"]
[Round "4.7"]
[White "de Gleria, Francesco"]
[Black "Kienast, Joerg"]
[Result "1/2-1/2"]
[WhiteElo "2389"]
[BlackElo "2217"]
[PlyCount "98"]
[EventDate "2017.??.??"]

1. e4 e5 2. Nf3 Nc6 3. Bc4 Nf6 4. d3 Be7 5. Nc3 O-O 6. h3 d6 7. a3 Be6 8. Nd5
Bxd5 9. exd5 Nb8 10. O-O Nbd7 11. d4 Nb6 12. Ba2 e4 13. Nd2 Re8 14. c4 Bf8 15.
Re1 Qd7 16. Bb1 Re7 17. Qc2 g6 18. Nf1 Bg7 19. a4 a5 20. Bg5 h6 21. Bh4 Rae8
22. Rd1 g5 23. Bg3 Nh5 24. Bh2 f5 25. c5 Nc8 26. c6 bxc6 27. dxc6 Qe6 28. Ne3
Nf6 29. d5 Qf7 30. Nxf5 Re5 31. Bxe5 Rxe5 32. Nxg7 Kxg7 33. Ra3 Nb6 34. Ba2
Nfxd5 35. Rb3 Qf4 36. Bb1 Nb4 37. Qe2 Nxa4 38. Re3 Nc5 39. Rd4 Nxc6 40. Rc4 Ne7
41. Bxe4 Qf7 42. h4 Ne6 43. hxg5 hxg5 44. Bb1 Nf4 45. Qc2 Qd5 46. Ree4 c5 47.
Ra4 Nf5 48. g3 Rxe4 49. Qxe4 Qd1+ 1/2-1/2

[Event "2BLW 1718 TSV Schott Mainz - Duesseldor"]
[Site "?"]
[Date "2017.12.10"]
[Round "4.8"]
[White "Mueller, Marco"]
[Black "Harff, Marcel"]
[Result "1/2-1/2"]
[WhiteElo "2222"]
[BlackElo "2377"]
[PlyCount "90"]
[EventDate "2017.??.??"]

1. d4 e6 2. e4 d5 3. Nd2 a6 4. Ngf3 Nf6 5. Bd3 c5 6. c3 Nc6 7. O-O cxd4 8. cxd4
dxe4 9. Nxe4 Be7 10. a3 Bd7 11. Be3 Nd5 12. Rc1 O-O 13. Nc5 Bxc5 14. Rxc5 h6
15. Bb1 Nce7 16. Qd3 f5 17. Re1 Bb5 18. Qb3 Rc8 19. Bd2 b6 20. Rxc8 Qxc8 21. a4
Bd7 22. Ne5 Qe8 23. Nxd7 Qxd7 24. Bd3 a5 25. Bb5 Qd6 26. Rc1 Rc8 27. Rxc8+ Nxc8
28. Qc4 Nce7 29. h4 Kf7 30. Qe2 Nf6 31. Qe5 Qd5 32. Qxd5 Nexd5 33. g3 Ne4 34.
Be1 g5 35. hxg5 hxg5 36. f3 Nd6 37. Be2 f4 38. g4 Ke7 39. Kf2 Kd7 40. Bd2 Kc6
41. Bd3 Nb4 42. Bxb4 axb4 43. Be4+ Nxe4+ 44. fxe4 e5 45. d5+ Kc5 1/2-1/2

[Event "2BLW 1718 SV Koblenz - SG KÃ¶ln Porz"]
[Site "?"]
[Date "2017.12.10"]
[Round "4.1"]
[White "Lutz, Christopher"]
[Black "Sulskis, Sarunas"]
[Result "1/2-1/2"]
[WhiteElo "2536"]
[BlackElo "2526"]
[PlyCount "81"]
[EventDate "2017.??.??"]

1. e4 e5 2. Nf3 Nc6 3. Bb5 Bc5 4. O-O Qf6 5. d3 h6 6. Be3 Nd4 7. Bxd4 Bxd4 8.
c3 Bc5 9. d4 Bd6 10. dxe5 Bxe5 11. Qd5 c6 12. Qxe5+ Qxe5 13. Nxe5 cxb5 14. Rd1
Nf6 15. Na3 a6 16. c4 d6 17. Rxd6 Nxe4 18. Rd4 Nc5 19. cxb5 O-O 20. Rc1 Ne6 21.
Rdc4 b6 22. bxa6 Bxa6 23. Rb4 Rfd8 24. Rxb6 Nf4 25. Ra1 Rd2 26. Nf3 Rd7 27. Rb4
Nd3 28. Rb3 Bb7 29. Nc2 Bxf3 30. gxf3 Nxf2 31. Kxf2 Rd2+ 32. Kg3 Rxc2 33. a4
Ra5 34. h4 g5 35. hxg5 hxg5 36. f4 gxf4+ 37. Kxf4 Rc4+ 38. Kf3 Raxa4 39. Rxa4
Rxa4 40. Rb8+ Kg7 41. b4 1/2-1/2

[Event "2BLW 1718 SV Koblenz - SG KÃ¶ln Porz"]
[Site "?"]
[Date "2017.12.10"]
[Round "4.2"]
[White "Balog, Imre"]
[Black "Rotstein, Arkadij"]
[Result "1/2-1/2"]
[WhiteElo "2543"]
[BlackElo "2506"]
[PlyCount "88"]
[EventDate "2017.??.??"]

1. d4 g6 2. e4 Bg7 3. Nc3 c6 4. Nf3 d5 5. h3 Nf6 6. e5 Ne4 7. Nxe4 dxe4 8. Ng5
c5 9. Bc4 O-O 10. e6 f6 11. Nxe4 cxd4 12. O-O Nc6 13. Qe2 Qc7 14. Bd2 d3 15.
Bxd3 Bxe6 16. Bc4 Nd4 17. Bxe6+ Nxe6 18. c3 f5 19. Ng5 Nxg5 20. Bxg5 e5 21.
Rad1 h6 22. Be3 Qc6 23. Qd3 f4 24. Bc1 e4 25. Qd7 g5 26. Qxc6 bxc6 27. Rd6 Rf6
28. Rfd1 Re8 29. Kf1 Kf7 30. Rd7+ Re7 31. b3 Rf5 32. Ba3 Rxd7 33. Rxd7+ Kg6 34.
Rxa7 Rd5 35. Ke2 Bxc3 36. Bc1 Bd4 37. Re7 Kf5 38. g3 fxg3 39. fxg3 Be5 40. g4+
Kf6 41. Rh7 Kg6 42. Re7 Kf6 43. Rh7 Kg6 44. Re7 Kf6 1/2-1/2

[Event "2BLW 1718 SV Koblenz - SG KÃ¶ln Porz"]
[Site "?"]
[Date "2017.12.10"]
[Round "4.3"]
[White "Xu, Xianliang"]
[Black "Fritsche, Lutz"]
[Result "1-0"]
[WhiteElo "2401"]
[BlackElo "2345"]
[PlyCount "61"]
[EventDate "2017.??.??"]

1. c4 e5 2. g3 Nc6 3. Bg2 g6 4. Nc3 Bg7 5. e4 d6 6. Nge2 Be6 7. d3 Qd7 8. O-O
Bh3 9. Bxh3 Qxh3 10. Nd5 h5 11. Nxc7+ Kd7 12. Nxa8 h4 13. Qb3 Kc8 14. d4 Nf6
15. Qf3 hxg3 16. Qxg3 Qh5 17. f3 Kb8 18. d5 Nb4 19. Qg2 Kxa8 20. Rd1 Nd7 21. a3
Na6 22. b4 Rc8 23. Qg4 Qxg4+ 24. fxg4 Rxc4 25. Ng3 Nc7 26. Rf1 f6 27. Be3 Nb5
28. Rfc1 Nb6 29. a4 Nd4 30. a5 Nc2 31. Rxc2 1-0

[Event "2BLW 1718 SV Koblenz - SG KÃ¶ln Porz"]
[Site "?"]
[Date "2017.12.10"]
[Round "4.4"]
[White "Kipper, Jens"]
[Black "Malykin, Vitaly"]
[Result "1-0"]
[WhiteElo "2361"]
[BlackElo "2375"]
[PlyCount "83"]
[EventDate "2017.??.??"]

1. Nf3 Nf6 2. c4 c6 3. Nc3 d5 4. d4 e6 5. Bg5 Be7 6. e3 Nbd7 7. Bd3 h6 8. Bh4
O-O 9. O-O a6 10. c5 a5 11. Rc1 b6 12. cxb6 c5 13. b3 Qxb6 14. Na4 Qa7 15. Bxf6
gxf6 16. Bb5 Ba6 17. Bxa6 Qxa6 18. dxc5 Rfc8 19. Qd4 f5 20. Rc2 Rc6 21. Rfc1
Rac8 22. Ne5 Nxe5 23. Qxe5 Qb5 24. Qd4 Bf8 25. g3 Bg7 26. Qf4 R8c7 27. Kg2 Kh7
28. h3 Qd3 29. g4 fxg4 30. hxg4 f5 31. f3 Rf7 32. e4 dxe4 33. fxe4 Be5 34. Qxe5
fxe4 35. Qc3 Qd5 36. Qd2 Qe5 37. Rf1 Rcc7 38. Qe3 Rxf1 39. Kxf1 Rd7 40. Rd2
Rf7+ 41. Rf2 Rxf2+ 42. Kxf2 1-0